| 000 | 00456pab a2200169 454500 | ||
|---|---|---|---|
| 008 | 180718b1998 xxu||||| |||| 00| 0 eng d | ||
| 100 | _aMohan Rao, K. | ||
| 245 | _aProvisions of the panchayats act in Andhra Pradesh: strategy for operationalisation | ||
| 260 | _c1998 | ||
| 300 | _ap.61-67 | ||
| 362 | _aApr | ||
| 650 | _aPanchayat - India - Andhra Pradesh | ||
| 650 | _aPanchayat | ||
| 700 | _aRaju, D.D. | ||
| 773 | _aKurukshetra | ||
| 909 | _a37640 | ||
| 999 |
_c37640 _d37640 |
||